Common Sayings: Missing 'B' Words Quiz Stats

 Plays Quiz Updated Jan 9, 2017

Support Sporcle.
Go Orange.
Score 0/30 Timer 03:00
5 Plays Today
% Correct
body
96.2%
bite
95.6%
beans
95.4%
break
95.4%
board
95.3%
black
95.1%
back
95%
best
94.9%
barking
94.7%
bag
94.6%
bush
94.6%
bliss
94.4%
blast
94.2%
ball
94.1%
bouncing
93.3%
% Correct
burn
92.8%
bullet
92.6%
blessing
92.5%
bad
92.4%
bus
91.8%
beat
91.7%
bitter
91.7%
blow
91.2%
barrel
89.6%
bent
89.4%
basket
88.9%
bucket
88.6%
bed
86.6%
bust
86.3%
by
84.9%

You're not logged in!

Compare scores with friends on all Sporcle quizzes.
OR
Log In
Forgot?

From the Vault

Famous Colorful Characters

by Tolkienite

As one famous character put it: It's not easy being green.
Remove Ads.
Support Sporcle.
Get the best of Sporcle when you Go Orange. This ad-free experience offers more features, more stats, and more fun while also helping to support Sporcle. Thank you for becoming a member.

Show Comments

Extras

Top Quizzes Today


Score Distribution

Your Account Isn't Verified!

In order to create a playlist on Sporcle, you need to verify the email address you used during registration. Go to your Sporcle Settings to finish the process.

Report this User

Report this user for behavior that violates our Community Guidelines.

Details: